ბათუმის შოთა რუსთაველის სახელმწიფო უნივერსიტეტის ბიბლიოთეკა

ტოპოგრაფიული ანატომია და ოპერაციული ქირურგია : (ბიბ.ჩანაწერი № 38680)

000 -ლიდერი
ფიქსირებული სიგრძის საკონტროლო ველი 01304nam a2200265Ia 4500
001 - საკონტროლო ნომერი
საკონტროლო ველი 4923
003 - საკონტროლო ნომრის იდენტიფიკატორი
საკონტროლო ველი GE_BSU
005 - ბოლო ოპერაციის თარიღი და დრო
საკონტროლო ველი 20190806152102.0
008 - ფიქსირებული სიგრძის მონაცემთა ელემენტები - ზოგადი ინფორმაცია
ფიქსირებული სიგრძის საკონტროლო ველი 181216s2010||||ge |||||||||||||| ||geo||
020 ## - წიგნის საერთაშორისო სტანდარტული ნომერი
International Standard Book Number 9789941915949
040 ## - კატალოგიზაციის წყარო
Transcribing agency GE_BSU
041 ## - ენის კოდი
Language code of text/sound track or separate title geo
080 ## - უნივერსალური ათობითი კლასიფიკაციის ინდექსი
Universal Decimal Classification number 611.9(075.8) ტ-70
245 ## - ცნობა სათაურის შესახებ
Title ტოპოგრაფიული ანატომია და ოპერაციული ქირურგია :
Remainder of title სახელმძღვ. თსუ-ს სტუდ. /
Statement of responsibility, etc შ.თოიძე, ლ. კიკალიშვილი, ე. ყიფიანი ; რედ. ნ. ჯავახიშვილი.
264 ## - წარმოების, გამოცემის, დისტრიბუციის და სხვა ცნობები
გამოცემის, წარმოების, დისტრიბუციის... ადგილი თბილისი :
გამოცემის, წარმოების, დისტრიბუციის... სახელწოდება კალიგრაფი ;
გამოცემის, წარმოების, დისტრიბუციის... თარიღი 2010.
300 ## - ფიზიკური აღწერა
Extent 510გვ.:
Other physical details ილ. ;
Dimensions 29 სმ.
653 ## - INDEX TERM--UNCONTROLLED
Uncontrolled term მედიცინა
653 ## - INDEX TERM--UNCONTROLLED
Uncontrolled term ტოპოგრაფიული ანატომია და ოპერაციული ქირურგია
700 ## - ADDED ENTRY--PERSONAL NAME
Personal name თოიძე, შ.
Relator term ავტორი
9 (RLIN) 3417
700 ## - ADDED ENTRY--PERSONAL NAME
Personal name კიკალიშვილი, ლ.
Relator term ავტორი
9 (RLIN) 3418
700 ## - ADDED ENTRY--PERSONAL NAME
Personal name ყიფიანი, ე.
Relator term ავტორი
9 (RLIN) 3419
700 ## - ADDED ENTRY--PERSONAL NAME
Personal name ჯავახიშვილი, ნ.
Relator term რედაქტორი
9 (RLIN) 3420
942 ## - ADDED ENTRY ELEMENTS (KOHA)
Koha item type წიგნი
Source of classification or shelving scheme
ეგზემპლარები
ჩამოწერის სტატუსი დაკარგული ეგზემპლარის სტატუსი კლასიფიკაციის წყარო ან თაროზე გაწყობის სქემა დაზიანების სტატუსი არ გაიცემა მუდმივი მდებარეობა (დაცვის ადგილი) ამჟამინდელი ადგილსამყოფელი თაროზე განთავსების ადგილი შეძენის თარიღი ღირებულება, შესყიდვის ნორმალური ფასი სრული შენახვის შიფრი შტრიხკოდი ბოლო ოპერაციის თარიღი ეგზემპლარის მიმდევრობითი ნომერი (კეტერი?) ფასის ძალაში შესვლის თარიღი ეგზემპლარის სახეობა საჯარო შენიშვნა
          ბათუმის შოთა რუსთაველის სახელმწიფო უნივერსიტეტის მთავარი ბიბლიოთეკა ბათუმის შოთა რუსთაველის სახელმწიფო უნივერსიტეტის მთავარი ბიბლიოთეკა წიგნსაცავი 2018-12-17 52.50 611.9(075.8) ტ-70 13143 2018-12-17 13143 2018-12-17 წიგნი 52.50 ლ.
          ბათუმის შოთა რუსთაველის სახელმწიფო უნივერსიტეტის მთავარი ბიბლიოთეკა ბათუმის შოთა რუსთაველის სახელმწიფო უნივერსიტეტის მთავარი ბიბლიოთეკა წიგნსაცავი 2018-12-17 52.50 611.9(075.8) ტ-70 13144 2018-12-17 13144 2018-12-17 წიგნი 52.50 ლ.
          ბათუმის შოთა რუსთაველის სახელმწიფო უნივერსიტეტის მთავარი ბიბლიოთეკა ბათუმის შოთა რუსთაველის სახელმწიფო უნივერსიტეტის მთავარი ბიბლიოთეკა წიგნსაცავი 2018-12-17 52.50 611.9(075.8) ტ-70 13146 2018-12-17 13146 2018-12-17 წიგნი 52.50 ლ.
          ბათუმის შოთა რუსთაველის სახელმწიფო უნივერსიტეტის მთავარი ბიბლიოთეკა ბათუმის შოთა რუსთაველის სახელმწიფო უნივერსიტეტის მთავარი ბიბლიოთეკა წიგნსაცავი 2018-12-17 52.50 611.9(075.8) ტ-70 13147 2018-12-17 13147 2018-12-17 წიგნი  
          ბათუმის შოთა რუსთაველის სახელმწიფო უნივერსიტეტის მთავარი ბიბლიოთეკა ბათუმის შოთა რუსთაველის სახელმწიფო უნივერსიტეტის მთავარი ბიბლიოთეკა წიგნსაცავი 2018-12-17 52.50 611.9(075.8) ტ-70 13145 2018-12-17 13245 2018-12-17 წიგნი 52.50 ლ.
          ბათუმის შოთა რუსთაველის სახელმწიფო უნივერსიტეტის მთავარი ბიბლიოთეკა ბათუმის შოთა რუსთაველის სახელმწიფო უნივერსიტეტის მთავარი ბიბლიოთეკა წიგნსაცავი 2018-12-17 52.50 611.9(075.8) ტ-70 13148 2018-12-17 13148 2018-12-17 წიგნი 52.50 ლ.
          ბათუმის შოთა რუსთაველის სახელმწიფო უნივერსიტეტის მთავარი ბიბლიოთეკა ბათუმის შოთა რუსთაველის სახელმწიფო უნივერსიტეტის მთავარი ბიბლიოთეკა წიგნსაცავი 2018-12-17 52.50 611.9(075.8) ტ-70 13149 2018-12-17 13149 2018-12-17 წიგნი 52.50 ლ.
          ბათუმის შოთა რუსთაველის სახელმწიფო უნივერსიტეტის მთავარი ბიბლიოთეკა ბათუმის შოთა რუსთაველის სახელმწიფო უნივერსიტეტის მთავარი ბიბლიოთეკა წიგნსაცავი 2018-12-17 52.50 611.9(075.8) ტ-70 13150 2018-12-17 13250 2018-12-17 წიგნი 52.50 ლ.